=LDR 00000nam 2200000 4500 =001 INLIS000000000031347 =005 20130612133427 =008 ***********************************ind** =035 ##$$a0010-061300000031347 =041 ##$$a ind =082 ##$$a 690. 8 =090 ##$$a 690. 8 , Dwi i =100 ##$$a Dwi Tanggoro =245 ##$$a Ilmu bangunan Rtruksah Perguruan tinggi dan benteng lebar, oleh Dwi Tanggoro, Kuntjoro Sukardi, A,Sadil Somaatmaja =260 ##$$a 2005 $b Jakarta =300 ##$$a viii, 143 hlm. , ilus. , 23 cm =650 ##$$a Bangunan Bertingkat =700 ##$$a Sukardi,Kunjoro =850 ##$$a NBPNMAT =990 ##$$a 21195117/BPAP-NTB/2014